<?xml version="1.0" encoding="utf-8"?>
<?xml-stylesheet type='text/xsl' href='./oai2.xsl'?>
<OAI-PMH xmlns="http://www.openarchives.org/OAI/2.0/" xmlns:xsi="http://www.w3.org/2001/XMLSchema-instance" xsi:schemaLocation="http://www.openarchives.org/OAI/2.0/ http://www.openarchives.org/OAI/2.0/OAI-PMH.xsd">
  <responseDate>2026-06-06T05:31:08Z</responseDate>
  <request verb="GetRecord" metadataPrefix="marcxml" identifier="record_kuniweb_2528342">https://kulturerbe.niedersachsen.de/oai</request>
  <GetRecord>
    <record>
      <header>
        <identifier>record_kuniweb_2528342</identifier>
        <datestamp>2025-08-28T09:38:22Z</datestamp>
        <setSpec>slg0279</setSpec>
      </header>
      <metadata>
        <marc:record xmlns:marc="http://www.loc.gov/MARC21/slim" xsi:schemaLocation="http://www.loc.gov/MARC21/slim http://www.loc.gov/standards/marcxml/schema/MARC21slim.xsd">
          <marc:leader>12345nkm  22     uu 4500</marc:leader>
          <marc:controlfield tag="001">2528342</marc:controlfield>
          <marc:controlfield tag="003">http://kuniweb.gbv.de</marc:controlfield>
          <marc:controlfield tag="005">2024-11-18T15:05:15</marc:controlfield>
          <marc:controlfield tag="008">|           ||||||||||||||||||||||</marc:controlfield>
          <marc:datafield tag="245" ind1="1" ind2="0">
            <marc:subfield code="a">Musterblatt der Rothe Hütte mit der Bezeichnung Tafel 17 und den Öfen 54 und 162</marc:subfield>
          </marc:datafield>
          <marc:datafield tag="655" ind1=" " ind2="7">
            <marc:subfield code="a">Grafik</marc:subfield>
          </marc:datafield>
          <marc:datafield tag="046" ind1=" " ind2=" ">
            <marc:subfield code="k">1840</marc:subfield>
            <marc:subfield code="k">zwischen 1840 und 1870, d.h. vor der metrischen Reform von 1871</marc:subfield>
            <marc:subfield code="l">1870</marc:subfield>
          </marc:datafield>
          <marc:datafield tag="260" ind1=" " ind2=" ">
            <marc:subfield code="g">1840</marc:subfield>
            <marc:subfield code="g">1870</marc:subfield>
            <marc:subfield code="g">zwischen 1840 und 1870, d.h. vor der metrischen Reform von 1871</marc:subfield>
          </marc:datafield>
          <marc:datafield tag="520" ind1=" " ind2=" ">
            <marc:subfield code="a">Die Musterblätter – vier verschiedene Kategorien, genannt Abteilungen (Abt.) - hatten ein Format von etwa DIN A4, waren überwiegend in schwarz-weiß gedruckt und dienten der Präsentation des jeweiligen Objekts zu Verkaufszwecken. (Förderkreis Königshütte Bad Lauterberg e.V.)

Aufdruck:
Abt. II Tafel 47 H. Grape jr, Göttingen Oefen No 54. Ovaler Kästchenofen mit durchbrochenen Thüren zwischen den aufrechtstehenden Röhren. Der Unterofen ist 44¾ Zoll lang, 14½ Zoll breit, 14¼ Zoll hoch. Die Höhe des Ganzen mit den Füßen und der Gallerie beträgt bei drei Aufsätzen 7 Fuß 4¾ Zoll. Das Gewicht als Halsofen zu ROTHEHÜTTE 434 Pfund, zu KÖNIGSHÜTTE 460 Pfund, als Windofen zu ROTHEHÜTTE 407, zu KÖNIGSHÜTTE 440 Pfund. No 162. Desgl. Der Unterofen ist 29⅙ Zoll lang, 17¾ Zoll breit, 16¼ Zoll hoch. Die Höhe des Ganzen mit Urne und Füssen ist bei drei Aufsätzen 8 Fuß 3½ Zoll, das Gewicht 562 Pfund. Beide Öfen können als lange Quer- Hals- und Windöfen geliefert werden und wird No 54 zu Königshütte und Rothehütte, No 160 zu Rothehütte gegossen und verkauft. (unter den Lithographien gibt es einen Maßstab von 5 Fuß)

Verwendungszweck:
entspricht einem heutigen Verkaufskatalog

Literatur in Zusammenhang:
Quelle zur Rothe Hütte - Der eiserne Harz – Harzer Eisenkunstguss des 19. Jahrhunderts, Edition Schloss Wernigerode, Band 14, 2010 - Herausgeber: Christian Juranek und Wilhelm Marbach, Verlag Janos Stekovics, Dößel (Saalekreis) Onlineprinters https://www.onlineprinters.de/magazin/lithographie deutsches-eisenofenmuseum.de https://www.deutsches-eisenofenmuseum.de/begriffserklaerung_re… Windofen, der - Zeno.org</marc:subfield>
          </marc:datafield>
          <marc:datafield tag="650" ind1="1" ind2=" ">
            <marc:subfield code="a">Musterblatt</marc:subfield>
          </marc:datafield>
          <marc:datafield tag="650" ind1="1" ind2=" ">
            <marc:subfield code="a">Ofen</marc:subfield>
          </marc:datafield>
          <marc:datafield tag="650" ind1="1" ind2=" ">
            <marc:subfield code="a">Grafik, Fotografie &gt; Druckgrafik</marc:subfield>
          </marc:datafield>
          <marc:datafield tag="650" ind1="1" ind2=" ">
            <marc:subfield code="a">Handel</marc:subfield>
          </marc:datafield>
          <marc:datafield tag="773" ind1="0" ind2=" ">
            <marc:subfield code="t">Musterblätter - Öfen und Herde</marc:subfield>
          </marc:datafield>
          <marc:datafield tag="852" ind1=" " ind2=" ">
            <marc:subfield code="a">Industriedenkmal Königshütte Bad Lauterberg im Harz</marc:subfield>
          </marc:datafield>
          <marc:datafield tag="852" ind1=" " ind2=" ">
            <marc:subfield code="a">Königshütte (Harz) (Oberharz am Brocken, Harz, Sachsen-Anhalt)</marc:subfield>
          </marc:datafield>
          <marc:datafield tag="" ind1=" " ind2=" ">
            <marc:subfield code="a">Namensnennung - Nicht kommerziell - Keine Bearbeitungen 4.0 International (CC BY-NC-ND 4.0)</marc:subfield>
          </marc:datafield>
        </marc:record>
      </metadata>
    </record>
  </GetRecord>
</OAI-PMH>
